Loading...
Literature - British Literature | 2 | 2 | 0 | 0 | 50 | 55 | 86.50 | 3 | 4 |
Other Academic | 1 | 2 | 0 | 1 | 35 | 43 | 93.67 | 0 | 3 |
Literature - American Literature | 0 | 2 | 0 | 0 | 20 | 127 | 129.50 | 0 | 0 |
Fine Arts - Visual Fine Arts | 1 | 1 | 1 | 0 | 20 | 80 | 92.00 | 0 | 1 |
Social Science | 1 | 0 | 0 | 0 | 15 | 59 | 59.00 | 1 | 1 |
Philosophy | 1 | 0 | 0 | 0 | 15 | 73 | 73.00 | 0 | 1 |
Modern World | 0 | 1 | 0 | 0 | 10 | 74 | 74.00 | 0 | 1 |
Geography | 0 | 1 | 0 | 1 | 10 | 136 | 136.00 | 0 | 0 |
Fine Arts - Classical Music and Opera | 0 | 1 | 0 | 0 | 10 | 129 | 129.00 | 0 | 0 |
History - Other History | 0 | 1 | 0 | 0 | 10 | 83 | 83.00 | 0 | 0 |
Beliefs | 0 | 1 | 1 | 0 | 5 | 121 | 121.00 | 0 | 1 |
Fine Arts - Other Fine Arts | 0 | 0 | 1 | 0 | -5 | 0.00 | 0 | 0 | |
Literature - World Literature | 0 | 0 | 1 | 0 | -5 | 0.00 | 0 | 0 |